<?xml version="1.0" encoding="UTF-8"?>
<record
    xmlns:xsi="http://www.w3.org/2001/XMLSchema-instance"
    xsi:schemaLocation="http://www.loc.gov/MARC21/slim http://www.loc.gov/standards/marcxml/schema/MARC21slim.xsd"
    xmlns="http://www.loc.gov/MARC21/slim">

  <leader>01227nam a2200217 i 4500</leader>
  <controlfield tag="001">137612</controlfield>
  <controlfield tag="003">ES-MaACL</controlfield>
  <controlfield tag="005">20230906195416.0</controlfield>
  <controlfield tag="007">t|</controlfield>
  <controlfield tag="008">070214s1913    sp af        |||| | spa d</controlfield>
  <datafield tag="100" ind1="1" ind2=" ">
    <subfield code="a">Salazar Mouli&#xE1;a, Zacar&#xED;as.</subfield>
    <subfield code="9">101825</subfield>
  </datafield>
  <datafield tag="245" ind1="1" ind2="4">
    <subfield code="a">Las estaciones de ensayo de semillas de Europa </subfield>
    <subfield code="b">: notas del viaje de pr&#xE1;cticas / </subfield>
    <subfield code="c">realizado por el ingeniero agr&#xF3;nomo, pensionado por el Estado, Zacar&#xED;as Salazar ; con la traducci&#xF3;n, por el mismo, de la &#xFA;ltima edici&#xF3;n de la obra... del Dr. Weinzierl titulada Composici&#xF3;n y cultivo de las mezclas de plantas forrajeras ; ap&#xE9;ndice por Jos&#xE9; Hurtado de Mendoza.</subfield>
  </datafield>
  <datafield tag="246" ind1="3" ind2="4">
    <subfield code="i">T&#xED;t. de cub.</subfield>
    <subfield code="a">Organizaci&#xF3;n y trabajos de algunas estaciones y laboratorios de ensayos de semillas de Europa</subfield>
  </datafield>
  <datafield tag="260" ind1=" " ind2=" ">
    <subfield code="a">Madrid : </subfield>
    <subfield code="b">[s. n.], </subfield>
    <subfield code="c">1913 (</subfield>
    <subfield code="f">Est. Tip. de los Hijos de Tello)</subfield>
  </datafield>
  <datafield tag="300" ind1=" " ind2=" ">
    <subfield code="a">90 p., [16] h. de l&#xE1;m. : </subfield>
    <subfield code="b">il. ; </subfield>
    <subfield code="c">23 cm.</subfield>
  </datafield>
  <datafield tag="650" ind1="0" ind2="4">
    <subfield code="a">Plantas forrajeras-</subfield>
    <subfield code="x">Semillas-</subfield>
    <subfield code="x">Ensayos.</subfield>
    <subfield code="9">16117</subfield>
  </datafield>
  <datafield tag="700" ind1="1" ind2=" ">
    <subfield code="a">Weinzierl, Teodoro de.</subfield>
    <subfield code="9">116379</subfield>
  </datafield>
  <datafield tag="700" ind1="1" ind2=" ">
    <subfield code="a">Hurtado de Mendoza, Jos&#xE9;.</subfield>
    <subfield code="9">64791</subfield>
  </datafield>
  <datafield tag="740" ind1="0" ind2="2">
    <subfield code="a">Composici&#xF3;n y cultivo de las mezclas de plantas forrajeras.</subfield>
  </datafield>
  <datafield tag="852" ind1=" " ind2=" ">
    <subfield code="a">ES-MaACL</subfield>
    <subfield code="j">T-1359-F-5 </subfield>
    <subfield code="z">- Enc. en un vol. facticio, conservando cub. original</subfield>
  </datafield>
  <datafield tag="999" ind1=" " ind2=" ">
    <subfield code="c">137612</subfield>
    <subfield code="d">137612</subfield>
  </datafield>
  <datafield tag="952" ind1=" " ind2=" ">
    <subfield code="0">0</subfield>
    <subfield code="1">0</subfield>
    <subfield code="4">0</subfield>
    <subfield code="7">0</subfield>
    <subfield code="8">Colecci&#xF3;n_de_folletos</subfield>
    <subfield code="a">ATENEOM</subfield>
    <subfield code="b">ATENEOM</subfield>
    <subfield code="c">DEPOF</subfield>
    <subfield code="d">2008-01-17</subfield>
    <subfield code="e">SC</subfield>
    <subfield code="l">0</subfield>
    <subfield code="o">T-1359-F-5</subfield>
    <subfield code="p">1143203</subfield>
    <subfield code="r">2023-02-23 00:00:00</subfield>
    <subfield code="w">2023-02-23</subfield>
    <subfield code="y">FOLLETOS</subfield>
  </datafield>
</record>
